U ba'alche'ilo'ob Méxicoo / (Record no. 57614)

MARC details
000 -CABECERA
campo de control de longitud fija 00639nam a2200217 a 4500
005 - FECHA Y HORA DE LA ÚLTIMA TRANSACCIÓN
campo de control 20240816063718.0
008 - ELEMENTOS DE LONGITUD FIJA--INFORMACIÓN GENERAL
campo de control de longitud fija 991125s1979 mx 000 0 spa u
020 ## - NÚMERO INTERNACIONAL NORMALIZADO PARA LIBROS
Número Internacional Estándar del Libro 9688001031
035 ## - NÚMERO DE CONTROL DEL SISTEMA
Número de control de sistema UPN01000057614
049 ## - COLECCIÓN
Colección I
050 #4 - SIGNATURA TOPOGRÁFICA DE LA BIBLIOTECA DEL CONGRESO
Número de clasificación QL225 M3
Número de documento/Ítem M3.99
100 1# - ASIENTO PRINCIPAL--NOMBRE PERSONAL
Nombre de persona Martín del Campo, Rafael
9 (RLIN) 29663
245 10 - MENCIÓN DE TÍTULO
Título U ba'alche'ilo'ob Méxicoo /
Mención de responsabilidad, etc. Rafael Martín del Campo ; tr. Teodura Canuel Cime.
260 ## - PUBLICACIÓN, DISTRIBUCIÓN, ETC.
Lugar de publicación, distribución, etc. México :
Nombre del editor, distribuidor, etc. CONAFE :
Lugar de publicación, distribución, etc. SEP,
Fecha de publicación, distribución, etc. 1979.
300 ## - DESCRIPCIÓN FÍSICA
Extensión 32 p. :
Otras características físicas il., col.
440 #0 - MENCIÓN DE SERIE/ASIENTO SECUNDARIO--TÍTULO
Título Colibrí
500 ## - NOTA GENERAL
Nota general "Numero especial en Maya"
650 #2 - ASIENTO SECUNDARIO DE MATERIA - TERMINO TEMATICO
Término de materia o nombre geográfico como elemento de entrada Animales
9 (RLIN) 1051
650 #4 - ASIENTO SECUNDARIO DE MATERIA - TERMINO TEMATICO
Término de materia o nombre geográfico como elemento de entrada ANIMALES EXTINTOS
9 (RLIN) 1057
905 ## - TIPO DE MATERIAL
Tipo de material Infantil
Holdings
Estado de retiro Estado de pérdida Fuente del sistema de clasificación o colocación Estado dañado No para préstamo Código de colección Localización permanente Ubicación/localización actual Ubicación en estantería Fecha de adquisición Clasificación Código de barras Fecha visto por última vez Número de copia Tipo de ítem Koha
    Library of Congress Classification     Infantil Bib. Gregorio Torres Quintero Bib. Gregorio Torres Quintero Sala infantil Planta baja 10/05/2023 QL225 M3 M3.99 128137 31/12/2020 1 Libro
    Library of Congress Classification     Infantil Bib. Gregorio Torres Quintero Bib. Gregorio Torres Quintero Sala infantil Planta baja 10/05/2023 QL225 M3 M3.99 128165 31/12/2020 1 Libro